|
|
|
แสดงรายละเอียดบรรณานุกรม |
|
|
Brief Record
: Get Marc (ISO 2709)
: E-mail record
: |
| LEADER : 00000nam 2200000uu 4500 | |||
| 001 13399129203 | |||
| 003 ULIB | |||
| 008 260511s2568||||th 000 0 tha d | |||
| 020 ^a9786166035629 | |||
| 060 0 ^aWY160^bว448ส | |||
| 100 0 ^aวัลลภา อันดารา. | |||
| 245 1 ^aสัมพันธภาพและการสื่อสารระหว่างพยาบาลกับผู้ป่วยจิตเวช /^cวัลลภา อันดารา. | |||
| 246 3 ^aความท้าทายสำหรับพยาบาลจิตเวช | |||
| 250 ^aพิมพ์ครั้งที่ 2. | |||
| 260 ^aกรุงเทพฯ :^bซี.ที.เค. พริ้นท์ติ้ง,^c2568 | |||
| 300 ^a206 หน้า :^bภาพประกอบ. | |||
| 505 0 ^aบทที่ 1 สัมพันธภาพเพื่อการบำบัด -- บทที่ 2 ระยะของสัมพันธภาพเพื่อการบำบัด -- บทที่ 3 ปัญหาการสร้างสัมพันธภาพเพื่อการบำบัดและการแก้ไข -- บทที่ 4 ลักษณะผู้ป่วยที่เหมาะสมในการสร้างสัมพันธภาพเพื่อการบำบัด -- บทที่ 5 การติดต่อสื่อสารและปัจจัยที่มีผลต่อการสื่อสารเพื่อการบำบัด -- บทที่ 6 การสื่อสารเพื่อการบำบัด -- บทที่ 7 การสื่อสารที่ไม่ใช่การบำบัดและการสื่อสารที่เป็นอุปสรรคต่อการสร้างสัมพันธภาพเพื่อการบำบัด -- บทที่ 8 การบันทึกปฏิสัมพันธ์ -- บทที่ 9 การสื่อสารกับผู้ป่วยจิตเวชและครอบครัว. | |||
| 505 0 ^aสารบัญ : บทที่ 1 สัมพันธภาพเพื่อการบำบัด -- บทที่ 2 ระยะของสัมพันธภาพเพื่อการบำบัด -- บทที่ 3 ปัญหาการสร้างสัมพันธภาพเพื่อการบำบัดและการแก้ไข -- บทที่ 4 ลักษณะผู้ป่วยที่เหมาะสมในการสร้างสัมพันธภาพเพื่อการบำบัด -- บทที่ 5 การติดต่อสื่อสารและปัจจัยที่มีผลต่อการสื่อสารเพื่อการบำบัด -- บทที่ 6 การสื่อสารเพื่อการบำบัด -- บทที่ 7 การสื่อสารที่ไม่ใช่การบำบัดและการสื่อสารที่เป็นอุปสรรคต่อการสร้างสัมพันธภาพเพื่อการบำบัด -- บทที่ 8 การบันทึกปฏิสัมพันธ์ -- บทที่ 9 การสื่อสารกับผู้ป่วยจิตเวชและครอบครัว | |||
| 505 2 ^aสัมพันธภาพเพื่อการบำบัด -- ระยะของสัมพันธภาพเพื่อการบำบัด -- ปัญหาการสร้างสัมพันธภาพเพื่อการบำบัดและการแก้ไข -- ลักษณะผู้ป่วยที่เหมาะสมในการสร้างสัมพันธภาพเพื่อการบำบัด -- การติดต่อสื่อสารและปัจจัยที่มีผลต่อการสื่อสารเพื่อการบำบัด -- การสื่อสารเพื่อการบำบัด -- การสื่อสารที่ไม่ใช่การบำบัดและการสื่อสารที่เป็นอุปสรรคต่อการสร้างสัมพันธภาพเพื่อการบำบัด -- การบันทึกปฏิสัมพันธ์ -- การสื่อสารกับผู้ป่วยจิตเวชและครอบครัว. | |||
| 610 ^aการพยาบาลสุขภาพจิตและจิตเวช. | |||
| 650 4 ^aการบำบัด | |||
| 650 4 ^aการพยาบาล^xจิตวิทยา. | |||
| 650 4 ^aการพยาบาลจิตเวชศาสตร์. | |||
| 650 4 ^aการสื่อสารทางการพยาบาล. | |||
| 650 4 ^aการสื่อสารในจิตเวช | |||
| 650 4 ^aการสื่อสารในจิตเวชศาสตร์. | |||
| 650 4 ^aการสื่อสารระหว่างบุคคล^xแง่จิตวิทยา. | |||
| 650 4 ^aเขตพัฒนาพิเศษภาคตะวันออก (อีอีซี). | |||
| 650 4 ^aบันทึกการพยาบาล. | |||
| 650 4 ^aผู้ป่วยจิตเวช. | |||
| 650 4 ^aผู้ป่วยจิตเวช^xการดูแล. | |||
| 650 4 ^aพยาบาลกับผู้ป่วย | |||
| 650 4 ^aสัมพันธภาพ. | |||
| 650 4 ^aสัมพันธภาพระหว่างพยาบาลกับผู้ป่วย. | |||
| 650 4 ^aสุขภาพจิต^xการพยาบาล | |||
| 650 4 ^aอุตสาหกรรมการแพทย์ครบวงจร. | |||
| 650 7 ^aจิตบำบัด | |||
| 655 4 ^aHealth Sciences Branch. | |||
| 695 ^aHealth Sciences. | |||
| 710 2 ^aวิทยาลัยพยาบาลทหารอากาศ. | |||
| 999 ^aประนอม เกษจรัล | |||
| คุณยังไม่ได้ล็อกอิน คุณสามารถมีกิจกรรมร่วมกับเว็บไซต์ได้ แต่ต้องล็อกอินก่อน :: |
|
รายการสื่อสารสนเทศ |
| สถานะ | |||||
| 1. | หนังสือสำรอง สถานะ=หนังสือสำรอง | WY160 ว448ส ฉ.1 Barcode: 012148 | ►หนังสือทั่วไป | บนชั้น *เพิ่งรับคืน | |
| 2. | Book การพยาบาล | WY160 ว448ส ฉ.2 Barcode: 012149 | ►หนังสือทั่วไป | บนชั้น *เพิ่งรับคืน | |
| 3. | Book การพยาบาล | WY160 ว448ส ฉ.3 Barcode: 012150 | ►หนังสือทั่วไป | บนชั้น *เพิ่งรับคืน | |
| 4. | Book การพยาบาล | WY160 ว448ส ฉ.4 Barcode: 012151 | ►หนังสือทั่วไป | บนชั้น *เพิ่งรับคืน | |
| 5. | Book การพยาบาล | WY160 ว448ส ฉ.5 Barcode: 012152 | ►หนังสือทั่วไป | บนชั้น *เพิ่งรับคืน | |
BibComment |
| คอมเมนท์ทรัพยากรรายการนี้ |
|
| |
Copyright 2026. Bcnsprnw @Library |
|